| 000 | 00644nam a2200205Ia 4500 | ||
|---|---|---|---|
| 003 | GCL | ||
| 005 | 20240530102903.0 | ||
| 008 | 140319s9999 xx 000 0 ara d | ||
| 040 |
_aGCL / _cGCL |
||
| 082 | 0 | 4 |
_a953.07393 _bق/ م ص |
| 100 | 1 | _aمصطفى الحيارى | |
| 245 | 1 | 0 |
_aصلاح الدين القائد وعصره / _cمصطفى الحيارى |
| 260 |
_a[S.N] : _bدار الغرب الاسلامى ، _c1994 |
||
| 300 | _a544 ص | ||
| 650 | 0 | 4 | _aالتاريخ الاسلامى |
| 650 | 0 | 4 | _aالتراجم |
| 650 | 0 | 4 | _aالدولة الايوبية |
| 650 | 0 | 4 | _aصلاح الدين الايوبى |
| 942 |
_2ddc _cBK |
||
| 999 |
_c35155 _d35155 |
||